[Event "IBCA World Cup 8th"]
[Site "Sofia"]
[Date "2018.07.27"]
[Round "7.3"]
[White "Smirnov, Alexey1111"]
[Black "Ross, Chris Neil"]
[Result "1-0"]
[WhiteElo "2440"]
[BlackElo "2214"]
[PlyCount "75"]
[EventDate "2018.07.21"]
[EventType "team-tourn"]
[EventRounds "7"]
[EventCountry "BUL"]
[SourceTitle "CBM 185 Extra"]
[Source "ChessBase"]
[SourceDate "2018.07.29"]
[SourceVersion "1"]
[SourceVersionDate "2018.07.29"]
[SourceQuality "1"]
[WhiteTeam "Russia (blind)"]
[BlackTeam "Great Britain (blind)"]
[WhiteTeamCountry "RUS"]
[BlackTeamCountry "GBR"]

1. d4 Nf6 2. c4 g6 3. Nc3 Bg7 4. e4 d6 5. Nf3 0-0 6. Be2 e5 7. 0-0 exd4 8. Nxd4 Re8 9. f3 Nc6 10. Be3 Nh5 11. Qd2 Nxd4 12. Bxd4 Nf4 13. Rfd1 Bxd4+ 14. Qxd4 Nxe2+ 15. Nxe2 b6 16. Nc3 Bb7 17. f4 Qh4 18. Rf1 Re7 19. Rae1 Rae8 20. Re3 Qh6 21. f5 Re5 22. Rh3 Qg5 23. Qf2 R8e7 24. fxg6 hxg6 25. Rf3 Bxe4 26. h4 Qh6 27. Rxf7 Rf5 28. Rxe7 Rxf2 29. Rxf2 Bf5 30. g3 Qf8 31. Nd5 Qh6 32. Rf4 Kf8 33. Nf6 g5 34. Rxf5 Qg6 35. Re8+ Kf7 36. g4 gxh4 37. Rg8 Qh6 38. g5 1-0

[Event "IBCA-ol blind 15th"]
[Site "Ohrid"]
[Date "2017.06.28"]
[Round "9.1"]
[White "Tuka, Oleg"]
[Black "Ross, Chris Neil"]
[Result "1/2-1/2"]
[WhiteElo "2407"]
[BlackElo "2158"]
[PlyCount "55"]
[EventDate "2017.06.19"]
[EventType "team-swiss"]
[EventRounds "9"]
[EventCountry "MKD"]
[SourceTitle "CBM 179 Extra"]
[Source "ChessBase"]
[SourceDate "2017.08.23"]
[SourceVersion "1"]
[SourceVersionDate "2017.08.23"]
[SourceQuality "1"]
[WhiteTeam "Ukraine"]
[BlackTeam "England"]
[WhiteTeamCountry "UKR"]
[BlackTeamCountry "ENG"]

1. d4 Nf6 2. c4 g6 3. Nc3 Bg7 4. e4 d6 5. f3 0-0 6. Be3 e5 7. d5 c6 8. Bd3 cxd5 9. cxd5 a6 10. Nge2 Nbd7 11. Rc1 b5 12. 0-0 Nc5 13. Bb1 Rb8 14. b4 Ncd7 15. a4 Nb6 16. Bd3 Bd7 17. axb5 axb5 18. Qb3 Rb7 19. Ra1 Qb8 20. Rfb1 Rc8 21. Ra5 Nc4 22. Bxc4 Rxc4 23. Rba1 Rc8 24. R1a3 h5 25. Ra7 Bh6 26. Bf2 Rxa7 27. Rxa7 Rc7 28. Ra6 1/2-1/2

[Event "IBCA-ol blind 15th"]
[Site "Ohrid"]
[Date "2017.06.19"]
[Round "1.1"]
[White "Ross, Chris Neil"]
[Black "Dimic, Pavle"]
[Result "1-0"]
[WhiteElo "2158"]
[BlackElo "2349"]
[PlyCount "57"]
[EventDate "2017.06.19"]
[EventType "team-swiss"]
[EventRounds "9"]
[EventCountry "MKD"]
[SourceTitle "CBM 179 Extra"]
[Source "ChessBase"]
[SourceDate "2017.08.23"]
[SourceVersion "1"]
[SourceVersionDate "2017.08.23"]
[SourceQuality "1"]
[WhiteTeam "England"]
[BlackTeam "Serbia"]
[WhiteTeamCountry "ENG"]
[BlackTeamCountry "SRB"]

1. e4 c5 2. Nf3 Nc6 3. Bb5 Nf6 4. Bxc6 dxc6 5. d3 Bg4 6. h3 Bxf3 7. Qxf3 g6 8. 0-0 Bg7 9. Nc3 0-0 10. Be3 Nd7 11. Qg3 e5 12. Kh1 Re8 13. Rad1 b6 14. Ne2 Nf8 15. c3 Ne6 16. f4 exf4 17. Nxf4 Qd7 18. Ne2 Nf8 19. a3 c4 20. dxc4 Qe6 21. Bd4 Qxc4 22. Bxg7 Kxg7 23. Nd4 Kg8 24. Nf5 Qxe4 25. Nh6+ Kg7 26. Nxf7 Qe3 27. Qh4 Re4 28. Qf6+ Kg8 29. Qh8# 1-0

[Event "Olympiad-42"]
[Site "Baku"]
[Date "2016.09.04"]
[Round "3.4"]
[White "Ross, Chris Neil"]
[Black "Chumfwa, Kelvin"]
[Result "0-1"]
[WhiteElo "2209"]
[BlackElo "2240"]
[PlyCount "74"]
[EventDate "2016.09.02"]
[EventType "team-swiss"]
[EventRounds "11"]
[EventCountry "AZE"]
[SourceTitle "CBM 175"]
[Source "ChessBase"]
[SourceDate "2016.11.10"]
[SourceVersion "1"]
[SourceVersionDate "2016.11.10"]
[SourceQuality "1"]
[WhiteTeam "IBCA"]
[BlackTeam "Zambia"]
[BlackTeamCountry "ZAM"]

1. e4 e5 2. Nf3 Nc6 3. Bb5 a6 4. Ba4 Nf6 5. d3 b5 6. Bb3 Be7 7. c3 0-0 8. Nbd2 d6 9. Nf1 Na5 10. Bc2 c5 11. Ne3 Nc6 12. 0-0 d5 13. exd5 Nxd5 14. d4 exd4 15. cxd4 c4 16. Ne5 Nxe3 17. Bxe3 Qd5 18. Nxc6 Qxc6 19. d5 Qd6 20. Qf3 Bb7 21. Rad1 Rad8 22. Bf4 Qd7 23. Qe4 f5 24. Qe6+ Qxe6 25. dxe6 g6 26. b3 c3 27. Be5 b4 28. Bc7 Rxd1 29. Rxd1 Bc8 30. Bd3 Bxe6 31. Re1 Kf7 32. f4 Rc8 33. Be5 Rd8 34. Rd1 Bf6 35. Bxf6 Kxf6 36. Kf2 Rxd3 37. Rxd3 c2 0-1

[Event "Berlin Lichtenberger op 15th"]
[Site "Berlin"]
[Date "2016.08.13"]
[Round "1"]
[White "Ross, Chris Neil"]
[Black "Hoffbauer, Joerg"]
[Result "1-0"]
[WhiteElo "2199"]
[BlackElo "1765"]
[PlyCount "113"]
[EventDate "2016.08.13"]
[EventType "swiss"]
[EventRounds "9"]
[EventCountry "GER"]
[SourceTitle "CBM 173 Extra"]
[Source "ChessBase"]
[SourceDate "2016.08.29"]
[SourceVersion "1"]
[SourceVersionDate "2016.08.29"]
[SourceQuality "1"]

1. e4 c5 2. Nf3 d6 3. Bb5+ Nd7 4. 0-0 Ngf6 5. Re1 a6 6. Bf1 e6 7. c3 Be7 8. d4 b5 9. a4 b4 10. e5 Nd5 11. c4 Nc7 12. exd6 Bxd6 13. Nbd2 Nf6 14. Nb3 cxd4 15. Nbxd4 0-0 16. Bg5 Bb7 17. Qd2 Be7 18. Bd3 Qd7 19. Ne5 Qd6 20. Rad1 Rfd8 21. Qe3 Nce8 22. Bc2 Qb6 23. Nb3 Qxe3 24. Bxe3 Rxd1 25. Rxd1 Rc8 26. Na5 Ba8 27. Bb6 Nd6 28. f3 Kf8 29. Bd3 Nb7 30. Nxb7 Bxb7 31. Be2 Ke8 32. b3 Bc5+ 33. Bxc5 Rxc5 34. Nd3 Rc6 35. a5 Nd7 36. Nxb4 Rc5 37. Ra1 Re5 38. Kf2 Nc5 39. Nd3 Nxd3+ 40. Bxd3 f5 41. b4 Bc6 42. Re1 Rxe1 43. Kxe1 Kd8 44. Kf2 g6 45. f4 Kc7 46. g3 Kd6 47. Ke3 e5 48. fxe5+ Kxe5 49. b5 Bb7 50. Be2 Kd6 51. Bf3 Bxf3 52. Kxf3 axb5 53. a6 Kc6 54. cxb5+ Kb6 55. Kf4 Ka7 56. h4 Kb6 57. h5 1-0

[Event "BCF-chT2d 1516 (4NCL) Demotion pool"]
[Site "England"]
[Date "2016.04.30"]
[Round "9.27"]
[White "Ross, Chris Neil"]
[Black "Lee, Richard WY"]
[Result "1-0"]
[WhiteElo "2194"]
[BlackElo "2165"]
[PlyCount "65"]
[EventDate "2015.11.14"]
[EventType "team-tourn"]
[EventRounds "4"]
[EventCountry "ENG"]
[SourceTitle "EXT 2017"]
[Source "ChessBase"]
[SourceDate "2016.10.25"]
[SourceVersion "1"]
[SourceVersionDate "2016.10.25"]
[SourceQuality "1"]
[WhiteTeam "MK Phoenix"]
[BlackTeam "Cambridge II"]
[WhiteTeamCountry "ENG"]
[BlackTeamCountry "ENG"]

1. e4 e6 2. e5 d6 3. exd6 Bxd6 4. d4 Nf6 5. Nf3 0-0 6. Bd3 b6 7. 0-0 Bb7 8. Nbd2 c5 9. dxc5 Bxc5 10. Nc4 Qc7 11. Qe2 Nc6 12. c3 b5 13. Ncd2 a6 14. Ne4 Be7 15. Nxf6+ Bxf6 16. Ng5 g6 17. Ne4 Bg7 18. Bg5 f6 19. Be3 Ne5 20. Nc5 Nxd3 21. Nxb7 Qxb7 22. Qxd3 Rfd8 23. Qc2 Rd5 24. a4 f5 25. Rfd1 Rad8 26. axb5 axb5 27. Qb3 Qc6 28. Rxd5 Qxd5 29. Qxd5 Rxd5 30. Kf1 Kf7 31. Ra7+ Kf6 32. f4 e5 33. fxe5+ 1-0

[Event "London Crouch op"]
[Site "London"]
[Date "2016.04.07"]
[Round "6"]
[White "Ross, Chris Neil"]
[Black "Batchelor, Peter"]
[Result "1/2-1/2"]
[WhiteElo "2194"]
[BlackElo "2335"]
[PlyCount "39"]
[EventDate "2016.04.02"]
[EventType "swiss"]
[EventRounds "9"]
[EventCountry "ENG"]
[SourceTitle "CBM 171 Extra"]
[Source "ChessBase"]
[SourceDate "2016.04.26"]
[SourceVersion "1"]
[SourceVersionDate "2016.04.26"]
[SourceQuality "1"]

1. e4 c6 2. d4 d5 3. Nd2 dxe4 4. Nxe4 Nf6 5. Nxf6+ exf6 6. c3 Bd6 7. Bd3 0-0 8. Ne2 Re8 9. Qc2 h6 10. 0-0 Qc7 11. Ng3 Nd7 12. Be3 Nf8 13. Rfe1 Bd7 14. c4 Ne6 15. Bh7+ Kh8 16. Bf5 Rad8 17. Rad1 b6 18. Qc1 Bf8 19. Bb1 Bc8 20. a3 1/2-1/2

[Event "IBCA EU-ch blind 06th"]
[Site "Lyon"]
[Date "2015.08.01"]
[Round "8"]
[White "Ross, Chris Neil"]
[Black "Meshkov, Yuri A"]
[Result "1/2-1/2"]
[WhiteElo "2184"]
[BlackElo "2349"]
[PlyCount "130"]
[EventDate "2015.07.25"]
[EventType "swiss"]
[EventRounds "9"]
[EventCountry "FRA"]
[SourceTitle "CBM 167 Extra"]
[Source "ChessBase"]
[SourceDate "2015.09.14"]
[SourceVersion "1"]
[SourceVersionDate "2015.09.14"]
[SourceQuality "1"]

1. e4 c5 2. Nf3 Nc6 3. Bb5 g6 4. 0-0 Bg7 5. Re1 e5 6. Bxc6 bxc6 7. c3 Qb6 8. d4 cxd4 9. cxd4 exd4 10. e5 Ne7 11. Nbd2 Ba6 12. Ne4 0-0 13. b3 Nd5 14. Ba3 d3 15. Qd2 f5 16. Nc5 Rf7 17. Rac1 Nc7 18. Bb4 Ne6 19. Ba5 Qxc5 20. Rxc5 Nxc5 21. Bc7 Ne6 22. Bd6 c5 23. Qe3 c4 24. bxc4 Bxc4 25. Rc1 Bb5 26. Rb1 a6 27. Nd4 Bc4 28. Rc1 Bxa2 29. Qxd3 Bd5 30. Qd2 Nxd4 31. Qxd4 Be6 32. Qb6 f4 33. Qb7 Re8 34. Rc8 Rxc8 35. Qxc8+ Bf8 36. Qxa6 f3 37. Bxf8 Rxf8 38. Qd3 fxg2 39. Kxg2 Rf4 40. f3 g5 41. Qd6 Kf7 42. Kg3 h5 43. Qd3 h4+ 44. Kg2 Kg7 45. Qd6 Rf7 46. Qd2 Kh6 47. Qd6 Kg6 48. Qd3+ Rf5 49. Qd4 Kg7 50. Qd6 Kf7 51. Qd4 Ke8 52. Qd6 Rf4 53. Qb8+ Kf7 54. Qh8 Rf5 55. Qh7+ Ke8 56. Qh8+ Ke7 57. Qb8 Rf4 58. Qd6+ Ke8 59. Qb8+ Kf7 60. Qh8 h3+ 61. Kg3 Bd5 62. Qh5+ Kf8 63. Qh6+ Kf7 64. Qh5+ Kf8 65. Qh6+ Kf7 1/2-1/2

[Event "IBCA EU-ch blind 06th"]
[Site "Lyon"]
[Date "2015.07.27"]
[Round "3"]
[White "Babarykin, Stanislav"]
[Black "Ross, Chris Neil"]
[Result "1-0"]
[WhiteElo "2357"]
[BlackElo "2184"]
[PlyCount "49"]
[EventDate "2015.07.25"]
[EventType "swiss"]
[EventRounds "9"]
[EventCountry "FRA"]
[SourceTitle "CBM 167 Extra"]
[Source "ChessBase"]
[SourceDate "2015.09.14"]
[SourceVersion "1"]
[SourceVersionDate "2015.09.14"]
[SourceQuality "1"]

1. e4 c5 2. Nf3 e6 3. g3 Nc6 4. Bg2 Nf6 5. Qe2 d5 6. exd5 Nxd5 7. 0-0 Be7 8. Rd1 0-0 9. d4 cxd4 10. Nxd4 Nxd4 11. Rxd4 Bf6 12. Rd1 Qc7 13. c4 Nb6 14. Nd2 Rd8 15. Ne4 Rxd1+ 16. Qxd1 Be7 17. b3 Bd7 18. Qh5 f6 19. Be3 e5 20. c5 Nc8 21. Rd1 g6 22. Qh4 Kg7 23. Qh6+ Kg8 24. Nxf6+ Bxf6 25. Bd5+ 1-0

[Event "BCF-chT3 1415 (4NCL)"]
[Site "England"]
[Date "2015.03.22"]
[Round "8.96"]
[White "Ross, Chris Neil"]
[Black "Gibson, Christopher A"]
[Result "1-0"]
[WhiteElo "2189"]
[BlackElo "1985"]
[PlyCount "87"]
[EventDate "2015.03.21"]
[EventType "team-swiss"]
[EventRounds "11"]
[EventCountry "ENG"]
[SourceTitle "EXT 2016"]
[Source "ChessBase"]
[SourceDate "2015.10.08"]
[SourceVersion "1"]
[SourceVersionDate "2015.10.08"]
[SourceQuality "1"]
[WhiteTeam "e2e4.org.uk II"]
[BlackTeam "The Rookies"]
[WhiteTeamCountry "ENG"]
[BlackTeamCountry "ENG"]

1. e4 e5 2. Nf3 Nc6 3. Bb5 f5 4. d3 fxe4 5. dxe4 Nf6 6. Nc3 Bb4 7. 0-0 Bxc3 8. bxc3 d6 9. Qd3 Bd7 10. Rb1 0-0 11. Bc4+ Kh8 12. Rxb7 Na5 13. Rb1 Nxc4 14. Qxc4 Qe8 15. Nd2 a6 16. Qe2 Qg6 17. f3 Nh5 18. Nb3 Qe6 19. c4 Rab8 20. Bd2 g5 21. Na5 Rbc8 22. Qe1 Rg8 23. g3 Nf6 24. Bc3 h6 25. Rf2 Be8 26. c5 dxc5 27. Qe3 Nd7 28. Rd1 Rb8 29. Nb3 Rb5 30. a4 Rb7 31. Rd5 c4 32. Nc5 Rb1+ 33. Rf1 Rxf1+ 34. Kxf1 Qh3+ 35. Kg1 Kh7 36. Nxd7 Bxd7 37. Bxe5 Rf8 38. Bc3 Rf7 39. Qd4 Be6 40. Qh8+ Kg6 41. Qg8+ Kh5 42. g4+ Bxg4 43. Qxf7+ Kh4 44. Be1+ 1-0

[Event "IBCA Wch blind 13th"]
[Site "Katerini"]
[Date "2014.05.12"]
[Round "7"]
[White "Mueller, Thorsten"]
[Black "Ross, Chris Neil"]
[Result "1/2-1/2"]
[WhiteElo "2119"]
[BlackElo "2202"]
[PlyCount "37"]
[EventDate "2014.05.05"]
[EventType "swiss"]
[EventRounds "9"]
[EventCountry "GRE"]
[SourceTitle "CBM 160 Extra"]
[Source "ChessBase"]
[SourceDate "2014.07.01"]
[SourceVersion "1"]
[SourceVersionDate "2014.07.01"]
[SourceQuality "1"]

1. d4 Nf6 2. Nf3 g6 3. Bf4 Bg7 4. e3 d6 5. Be2 0-0 6. h3 c5 7. c3 Be6 8. Nbd2 cxd4 9. exd4 Qb6 10. Qb1 Nc6 11. 0-0 Rac8 12. Bd3 Nh5 13. Bh2 Bh6 14. Re1 Kg7 15. g4 Bxd2 16. Nxd2 Nf6 17. Bf1 h5 18. g5 Nd7 19. Re3 1/2-1/2

[Event "IBCA Wch blind 13th"]
[Site "Katerini"]
[Date "2014.05.07"]
[Round "3"]
[White "Dima, Mihai"]
[Black "Ross, Chris Neil"]
[Result "1/2-1/2"]
[WhiteElo "1930"]
[BlackElo "2202"]
[PlyCount "126"]
[EventDate "2014.05.05"]
[EventType "swiss"]
[EventRounds "9"]
[EventCountry "GRE"]
[SourceTitle "CBM 160 Extra"]
[Source "ChessBase"]
[SourceDate "2014.07.01"]
[SourceVersion "1"]
[SourceVersionDate "2014.07.01"]
[SourceQuality "1"]

1. e4 c5 2. Nf3 e6 3. d4 cxd4 4. Nxd4 Nc6 5. Nb5 d6 6. c4 Nf6 7. N1c3 a6 8. Nd4 Be7 9. Be2 0-0 10. 0-0 Qc7 11. Be3 Ne5 12. Rc1 b6 13. f4 Ned7 14. Bf3 Bb7 15. g4 Nc5 16. Qc2 g6 17. g5 Nfd7 18. f5 Rfe8 19. b4 exf5 20. bxc5 bxc5 21. Nde2 Ne5 22. Nd5 Qd8 23. Qd2 Bxd5 24. exd5 Rb8 25. Bf4 Rb4 26. Bxe5 dxe5 27. h4 h6 28. Qc3 hxg5 29. hxg5 Bd6 30. Bg2 f4 31. Qd2 Qxg5 32. Rc3 Kg7 33. a3 Rbb8 34. Rh3 Rh8 35. Rxh8 Rxh8 36. Qc3 Kg8 37. Qf3 Qh4 38. Nc3 f5 39. Rb1 Rh5 40. Rb6 Qe1+ 41. Qf1 Qe3+ 42. Qf2 Qc1+ 43. Qf1 Qe3+ 44. Qf2 Qxc3 45. Rxd6 Rg5 46. Qh4 Qc1+ 47. Kh2 Rxg2+ 48. Kxg2 f3+ 49. Kxf3 Qd1+ 50. Kg2 Qe2+ 51. Qf2 Qg4+ 52. Kh1 Qh5+ 53. Kg1 Qg4+ 54. Qg2 Qd1+ 55. Kh2 Qh5+ 56. Kg1 Qd1+ 57. Qf1 Qg4+ 58. Kf2 Qf4+ 59. Kg1 Qg4+ 60. Qg2 Qd1+ 61. Kh2 Qh5+ 62. Qh3 Qe2+ 63. Kg1 Qd1+ 1/2-1/2

[Event "Berlin Lichtenberger op 12th"]
[Site "Berlin"]
[Date "2013.08.24"]
[Round "8"]
[White "Ross, Chris Neil"]
[Black "Noetzel, Felix"]
[Result "1/2-1/2"]
[WhiteElo "2240"]
[BlackElo "2076"]
[PlyCount "73"]
[EventDate "2013.08.17"]
[EventType "swiss"]
[EventRounds "9"]
[EventCountry "GER"]
[SourceTitle "CBM 156 Extra"]
[Source "ChessBase"]
[SourceDate "2013.10.22"]
[SourceVersion "1"]
[SourceVersionDate "2013.10.22"]
[SourceQuality "1"]

1. e4 d5 2. exd5 Qxd5 3. Nc3 Qa5 4. d4 c6 5. Bc4 Bf5 6. Nf3 Nf6 7. Qe2 e6 8. Bd2 Bb4 9. 0-0-0 Nbd7 10. a3 Bxc3 11. Bxc3 Qc7 12. Ne5 Nxe5 13. dxe5 Nd5 14. Bd2 0-0-0 15. g4 Bg6 16. f4 h5 17. h3 hxg4 18. hxg4 Rxh1 19. Rxh1 Qb6 20. Rf1 Qd4 21. f5 exf5 22. gxf5 Bh5 23. Qxh5 Qxc4 24. Rf2 Qa2 25. c3 Nb6 26. Bg5 f6 27. Rd2 fxg5 28. Rxd8+ Kxd8 29. Qh8+ Kc7 30. Qxg7+ Kc8 31. Qf8+ Kc7 32. Qe7+ Kc8 33. Qe8+ Kc7 34. Qe7+ Kc8 35. Qf8+ Kc7 36. Qg7+ Kc8 37. Qf8+ 1/2-1/2

[Event "Berlin Lichtenberger op 12th"]
[Site "Berlin"]
[Date "2013.08.22"]
[Round "6"]
[White "Ross, Chris Neil"]
[Black "Steiner, Wolfram"]
[Result "1/2-1/2"]
[WhiteElo "2240"]
[BlackElo "1978"]
[PlyCount "119"]
[EventDate "2013.08.17"]
[EventType "swiss"]
[EventRounds "9"]
[EventCountry "GER"]
[SourceTitle "CBM 156 Extra"]
[Source "ChessBase"]
[SourceDate "2013.10.22"]
[SourceVersion "1"]
[SourceVersionDate "2013.10.22"]
[SourceQuality "1"]

1. d4 Nf6 2. Nf3 g6 3. Nc3 d5 4. Bf4 Bg7 5. Qd2 0-0 6. Bh6 c5 7. Bxg7 Kxg7 8. e3 Nc6 9. Ne5 cxd4 10. exd4 Qb6 11. 0-0-0 a5 12. f3 a4 13. a3 Be6 14. g4 Ra5 15. h4 h5 16. Bh3 hxg4 17. Nxg4 Bxg4 18. Bxg4 e5 19. h5 Qxd4 20. Qg2 Qf4+ 21. Kb1 d4 22. Ne2 Qg5 23. hxg6 fxg6 24. Rdg1 Rc5 25. Qh2 d3 26. cxd3 Qd2 27. Nc1 Qxh2 28. Rxh2 Nxg4 29. fxg4 Rf4 30. g5 Rf5 31. Ne2 Nd4 32. Ng3 Rf3 33. Ne4 Rc6 34. Rgh1 Nb3 35. Rh7+ Kf8 36. Rxb7 Rh3 37. Rf1+ Ke8 38. Rb4 Rh2 39. Rxa4 Rcc2 40. Nd6+ Ke7 41. Nc4 Rxc4 42. Ra7+ Ke8 43. dxc4 Nd2+ 44. Kc1 Nxf1 45. Rg7 Ne3 46. Rxg6 Nxc4 47. b3 Nb2 48. Rd6 e4 49. Re6+ Kf7 50. Rxe4 Nd3+ 51. Kb1 Rb2+ 52. Ka1 Rxb3 53. a4 Kg6 54. Rc4 Kxg5 55. Ka2 Rb8 56. Rc3 Ne5 57. Ka3 Kf6 58. a5 Ke6 59. Ka4 Kd6 60. Rb3 1/2-1/2